Statistics for Kobe Bryant All Star Teammates

Click here to take the quiz!

General Stats

  • This quiz has been taken 35 times
  • The average score is 10 of 25

Answer Stats

TeamNo. AS SelectionsPlayer% Correct
LAL15Shaquille O'Neal
100%
LAL6Pau Gasol
90%
LAL9Gary Payton
77%
LAL14Karl Malone
77%
LAL1Metta World Peace
70%
LAL8Steve Nash
70%
LAL8Dwight Howard
60%
LAL1Andrew Bynum
57%
LAL3Eddie Jones
47%
LAL2Julius Randle
47%
LAL1Nick van Exel
43%
LAL1D'Angelo Russell
40%
LAL2Dennis Rodman
40%
LAL1Horace Grant
30%
LAL1Vlade Divac
27%
LAL3Glen Rice
23%
LAL1A.C. Green
17%
LAL2Carlos Boozer
13%
LAL2Caron Butler
13%
LAL6Mitch Richmond
13%
LAL2Roy Hibbert
13%
LAL2Antawn Jamison
7%
LAL1Cedric Ceballos
7%
LAL1Theo Ratliff
7%
LAL1Chris Kaman
0%

Score Distribution

Percentile by Number Answered

Percent of People with Each Score

Your Score History

You have not taken this quiz